[Event "AUTO-OPEN-2678"]
[Site "http://www.queenalice.com/game.php?id=1056503"]
[Date "2012.5.5"]
[Round "1"]
[White "JD"]
[Black "cric"]
[Result "1-0"]
[WhiteElo "1646"]
[BlackElo "1063"]

1. Nf3 b6 2. Nc3 Bb7 3. e4 g6 4. d4 Bg7 5. Bf4 e6 6. Nb5 Bxe4 7. Nxc7+ Ke7 8.
Nxa8 Bxa8 9. Be5 f6 10. Bxb8 Qxb8 11. c3 Nh6 12. h3 b5 13. a4 Rc8 14. axb5 e5
15. Qe2 e4 16. g4 1-0

[Event "AUTO-OPEN-2678"]
[Site "http://www.queenalice.com/game.php?id=1056504"]
[Date "2012.5.5"]
[Round "1"]
[White "cric"]
[Black "JD"]
[Result "0-1"]
[WhiteElo "1063"]
[BlackElo "1648"]

1. e4 Nc6 2. Qf3 Nf6 3. Nc3 e5 4. d3 h6 5. Be3 a6 6. Nge2 g5 7. h3 d6 8. g4 b5
9. Nd5 Nxd5 10. exd5 Ne7 11. d4 Bg7 12. c3 exd4 13. Nxd4 c5 14. Nf5 Bxf5 15.
gxf5 f6 0-1

[Event "AUTO-OPEN-2678"]
[Site "http://www.queenalice.com/game.php?id=1056529"]
[Date "2012.5.5"]
[Round "1"]
[White "RandyShane"]
[Black "cric"]
[Result "1-0"]
[WhiteElo "2065"]
[BlackElo "1050"]

1. e4 d5 2. exd5 Qxd5 3. Nc3 Qf5 4. Nf3 b6 5. d4 Nd7 6. Bd3 Qg4 7. O-O Bb7 8.
Be2 e5 9. Re1 exd4 10. Qxd4 Qxd4 11. Nxd4 Bb4 12. Ba6+ Ne7 13. Bxb7 1-0

[Event "AUTO-OPEN-2678"]
[Site "http://www.queenalice.com/game.php?id=1056530"]
[Date "2012.5.5"]
[Round "1"]
[White "cric"]
[Black "RandyShane"]
[Result "0-1"]
[WhiteElo "1050"]
[BlackElo "2063"]

1. e4 d6 2. Qf3 e5 3. Bc4 Nf6 4. d3 Nc6 5. Bg5 Be7 6. Bxf6 Bxf6 7. Nc3 Nd4 8.
Qd1 c6 9. Nf3 Bg4 10. h3 Bxf3 11. gxf3 Qe7 0-1

[Event "AUTO-OPEN-2678"]
[Site "http://www.queenalice.com/game.php?id=1056547"]
[Date "2012.5.5"]
[Round "1"]
[White "cric"]
[Black "Alexandrovinsk"]
[Result "0-1"]
[WhiteElo "1050"]
[BlackElo "2077"]

1. e4 c5 2. b3 Nc6 3. Bb2 d6 4. Qf3 Nf6 5. Nh3 e5 6. d3 Bg4 7. Qg3 h5 8. f3 h4
9. fxg4 hxg3 10. hxg3 Nxg4 11. Na3 Qa5+ 12. c3 O-O-O 13. Ng5 Rxh1 14. O-O-O Ne3
15. Nc4 Nxc4 16. dxc4 Qxa2 17. Nxf7 Qxb3 0-1

[Event "AUTO-OPEN-2678"]
[Site "http://www.queenalice.com/game.php?id=1056548"]
[Date "2012.5.5"]
[Round "1"]
[White "Alexandrovinsk"]
[Black "cric"]
[Result "1-0"]
[WhiteElo "2075"]
[BlackElo "1050"]

1. e4 d5 2. exd5 Qxd5 3. Nc3 Qe6+ 4. Be2 b6 5. Nf3 g6 6. O-O Bb7 7. Re1 f5 8.
Bb5+ Qc6 9. Bxc6+ Nxc6 10. d4 O-O-O 11. a4 Bg7 12. Be3 e5 13. Nb5 a6 14. d5 Na5
15. Nc3 e4 16. Ng5 Nh6 17. Ne6 Rd7 18. Nxg7 1-0

[Event "AUTO-OPEN-2680"]
[Site "http://www.queenalice.com/game.php?id=1057415"]
[Date "2012.5.8"]
[Round "1"]
[White "cric"]
[Black "Pinehill"]
[Result "0-1"]
[WhiteElo "1100"]
[BlackElo "1878"]

1. e4 e5 2. Nf3 Nc6 3. b3 Nf6 4. d3 Bc5 5. Bb2 d6 6. h3 Be6 7. Nbd2 O-O 8. c4 a5
9. g4 Bb4 10. Qc2 Nd4 11. Bxd4 exd4 12. Nxd4 c5 13. Nb5 h5 14. g5 Nd7 15. f4 f5
16. Nxd6 fxe4 17. Nxe4 Rxf4 0-1

[Event "AUTO-OPEN-2680"]
[Site "http://www.queenalice.com/game.php?id=1057416"]
[Date "2012.5.8"]
[Round "1"]
[White "Pinehill"]
[Black "cric"]
[Result "1-0"]
[WhiteElo "1876"]
[BlackElo "1100"]

1. e4 e6 2. d4 Nf6 3. e5 Nd5 4. c4 Nb6 5. Nf3 d5 6. exd6 Bxd6 7. c5 Bxc5 8. dxc5
Qxd1+ 9. Kxd1 Na4 10. Be3 Nxb2+ 11. Kc1 Na4 12. Bb5+ Bd7 13. Bxa4 Bxa4 14. Nc3
Bc6 15. Nh4 b6 16. cxb6 axb6 17. f3 O-O 18. Rd1 1-0

[Event "AUTO-OPEN-2680"]
[Site "http://www.queenalice.com/game.php?id=1057417"]
[Date "2012.5.8"]
[Round "1"]
[White "cric"]
[Black "mhackfeld"]
[Result "0-1"]
[WhiteElo "1063"]
[BlackElo "1764"]

1. e4 e5 2. Qf3 Nh6 3. d3 d6 4. Bxh6 gxh6 5. Nd2 Be6 6. Ne2 Nc6 7. O-O-O Qe7 8.
h4 O-O-O 9. h5 f6 10. g4 Rg8 11. Bh3 Nb4 12. a3 Na2+ 13. Kb1 a5 14. c4 Nc3+ 0-1

[Event "AUTO-OPEN-2680"]
[Site "http://www.queenalice.com/game.php?id=1057418"]
[Date "2012.5.8"]
[Round "1"]
[White "mhackfeld"]
[Black "cric"]
[Result "1-0"]
[WhiteElo "1762"]
[BlackElo "1063"]

1. e4 e6 2. d4 g6 3. e5 c5 4. c3 Ne7 5. Be3 b6 6. Be2 d5 7. Nf3 c4 8. O-O a5 9.
Qa4+ Qd7 10. Qxd7+ Nxd7 11. Na3 f6 12. exf6 Nxf6 13. Nb5 Kd7 14. Ne5+ Kd8 15.
Nd6 1-0

[Event "AUTO-OPEN-2680"]
[Site "http://www.queenalice.com/game.php?id=1057419"]
[Date "2012.5.8"]
[Round "1"]
[White "cric"]
[Black "chapichapo"]
[Result "0-1"]
[WhiteElo "1100"]
[BlackElo "1760"]

1. e4 e5 2. Nc3 Nc6 3. Qf3 Qf6 4. Nd5 Qxf3 5. Nxf3 Bc5 6. Nxc7+ Kd8 7. Nxa8 Nf6
8. c3 Nxe4 9. d4 exd4 10. b4 Bd6 11. cxd4 Bxb4+ 12. Bd2 Bxd2+ 13. Nxd2 Nxd2 14.
Kxd2 Nxd4 15. Rc1 Nc6 16. g3 Re8 17. Bg2 Nb4 18. Nc7 Nxa2 19. Rc2 Nb4 20. Rc4
Nc6 21. Nxe8 Kxe8 22. Re1+ Kf8 23. Be4 g6 24. g4 d6 25. f3 Be6 26. Bxc6 Bxc4 27.
Bxb7 Kg7 28. Re7 a5 29. Rd7 a4 30. Rxd6 a3 31. Kc2 a2 32. Kb2 Kh6 0-1

[Event "AUTO-OPEN-2680"]
[Site "http://www.queenalice.com/game.php?id=1057420"]
[Date "2012.5.8"]
[Round "1"]
[White "chapichapo"]
[Black "cric"]
[Result "1-0"]
[WhiteElo "1785"]
[BlackElo "1100"]

1. e4 e6 2. d4 b6 3. Nf3 Bb7 4. Bd3 g6 5. O-O Bg7 6. c3 Ne7 7. Bg5 O-O 8. Nbd2
Na6 9. e5 c5 10. Qa4 d6 11. Bxa6 Bxa6 12. Qxa6 f6 13. exf6 Bxf6 14. Bxf6 Rxf6
15. Ne4 Rf4 16. Neg5 Qd7 17. Rfe1 e5 18. dxe5 dxe5 19. Rad1 Qg4 20. Qb7 Re8 21.
Rxe5 Kf8 22. Nxh7+ Kg8 23. Nhg5 Ra4 24. Rxe7 Rf8 25. Qd5+ Kh8 26. Rh7# 1-0

[Event "AUTO-BEG-542"]
[Site "http://www.queenalice.com/game.php?id=1062693"]
[Date "2012.5.22"]
[Round "1"]
[White "GustavoFS"]
[Black "cric"]
[Result "1-0"]
[WhiteElo "1402"]
[BlackElo "1063"]

1. e4 d5 2. exd5 Qxd5 3. Nc3 Qc6 4. Bb5 Bd7 5. Bxc6 Nxc6 6. Nd5 O-O-O 7. Nf3 g6
8. Ng5 Nh6 9. c3 f6 10. O-O fxg5 11. d4 e6 12. Nf6 Bg7 13. Nxd7 1-0

[Event "AUTO-BEG-542"]
[Site "http://www.queenalice.com/game.php?id=1062694"]
[Date "2012.5.22"]
[Round "1"]
[White "cric"]
[Black "GustavoFS"]
[Result "0-1"]
[WhiteElo "1059"]
[BlackElo "1404"]

1. e4 e5 2. b3 Nc6 3. Bb2 Nf6 4. Bb5 Nxe4 5. Bxc6 dxc6 6. Bxe5 Qe7 7. d4 f6 8.
Qe2 fxe5 9. Qxe4 Be6 10. Nf3 Bd5 11. Qxe5 O-O-O 12. Qxe7 Bxe7 13. Nbd2 g5 0-1

[Event "AUTO-BEG-542"]
[Site "http://www.queenalice.com/game.php?id=1062703"]
[Date "2012.5.22"]
[Round "1"]
[White "cric"]
[Black "marcomasa"]
[Result "0-1"]
[WhiteElo "1063"]
[BlackElo "1494"]

1. e4 e5 2. b3 Bc5 3. Nc3 Qf6 4. Nh3 g5 5. g4 d6 6. Nd5 Qd8 7. d3 c6 8. Nc3 Nh6
9. Bxg5 f6 10. Bxh6 Be6 11. f4 Qc8 12. f5 Bf7 0-1

[Event "AUTO-BEG-542"]
[Site "http://www.queenalice.com/game.php?id=1062704"]
[Date "2012.5.22"]
[Round "1"]
[White "marcomasa"]
[Black "cric"]
[Result "1-0"]
[WhiteElo "1496"]
[BlackElo "1063"]

1. e4 e6 2. Qf3 Nc6 3. Bc4 Nd4 4. Qd3 Qf6 5. f4 Bc5 6. g3 c6 7. e5 Qf5 8. Qxf5
Nxf5 9. c3 b5 10. Bb3 a5 11. d4 a4 12. Bc2 1-0

[Event "AUTO-OPEN-2694"]
[Site "http://www.queenalice.com/game.php?id=1063125"]
[Date "2012.5.23"]
[Round "1"]
[White "kilmison"]
[Black "cric"]
[Result "1-0"]
[WhiteElo "1899"]
[BlackElo "1100"]

1. e4 e6 2. Nc3 b6 3. d4 g5 4. Qh5 d5 5. Bxg5 Be7 6. Bxe7 Qxe7 7. O-O-O Nf6 8.
Qe5 O-O 9. exd5 Ng4 10. Qg3 exd5 11. h3 Qg5+ 12. f4 1-0

[Event "AUTO-OPEN-2694"]
[Site "http://www.queenalice.com/game.php?id=1063126"]
[Date "2012.5.23"]
[Round "1"]
[White "cric"]
[Black "kilmison"]
[Result "0-1"]
[WhiteElo "1100"]
[BlackElo "1899"]

1. e4 e5 2. b3 Bc5 3. Qf3 Nc6 4. Bc4 Nf6 5. d3 Nd4 6. Qd1 d6 7. Bg5 h6 8. Be3
O-O 9. c3 Nc6 10. Nf3 Bb6 11. a4 d5 12. exd5 Nxd5 13. Bxd5 Qxd5 0-1